The art of Hogarth /

Bibliographic Details
Main Author: Hogarth, William, 1697-1764
Other Authors: Paulson, Ronald
Format: Book
Language:English
Published: London : Phaidon ; 1975.
Subjects:

MARC

Tag First Indicator Second Indicator Subfields
LEADER 00000cam a2200000 i 4500
001 in00000484413
005 20151013053742.0
008 751128s1975 enka b 00110beng
010 |a  75000052  
015 |a GB*** 
020 |a 071481640X :  |c $30.00 (U.S.) 
035 |a (OCoLC)01959294 
035 |9 ACC0336AM 
040 |a DLC  |c DLC  |d TXA  |d UtOrBLW 
049 |a TXAM  |c [1358469] 
050 0 0 |a ND497.H7  |b P37 
082 0 |a 760/.092/4 
100 1 |a Hogarth, William,  |d 1697-1764. 
245 1 4 |a The art of Hogarth /  |c [text by] Ronald Paulson. 
264 1 |a London :  |b Phaidon ;  |c 1975. 
264 2 |a New York :  |b Distributed by Praeger Publishers, 
300 |a 206 pages :  |b chiefly illustrations (some color) ;  |c 29 cm. 
336 |a text  |b txt  |2 rdacontent 
337 |a unmediated  |b n  |2 rdamedia 
338 |a volume  |b nc  |2 rdacarrier 
500 |a Includes index. 
504 |a Bibliography: pages [201]-202. 
600 1 0 |a Hogarth, William,  |d 1697-1764. 
700 1 |a Paulson, Ronald. 
999 |a MARS 
999 f f |s 90142d34-8bb1-3fe3-88cb-8764fb3ae1fc  |i d39719cf-a6d2-32ea-9f4a-394c73404bb4  |t 0 
952 f f |p normal  |a Texas A&M University  |b College Station  |c Sterling C. Evans Library  |d Evans: Library Stacks  |t 0  |e ND497.H7 P37  |h Library of Congress classification  |i unmediated -- volume  |m A14803476396 
998 f f |a ND497.H7 P37  |t 0  |l Evans: Library Stacks